000 01141nam a2200277Ia 4500
003 OSt
005 20220923211247.0
006 a|||||r|||| 00| 0
007 ta
008 220922b |||||||| |||| 00| 0 hin d
020 _a9788178543581 (hbk)
_c550
024 _a348,967
037 _b241, 16/01/2019, Eastern Book Linkers
_cTextual
040 _aARTS
_cARTS
_bhin
041 _2hin
_ahin
082 _aR6, 152Q8
100 _aमिश्र, शिवशंकर, संपा.
_9156370
245 0 _aभारतीय चिन्तन परम्परा में गायत्री
246 _aBhāratīya chintan paramparā mean gāyatrī
260 _aदिल्ली
_b ईस्टर्न बुक लिंकर्स
_c2018
300 _a181पृ.
_ccm.
490 _aश्री जयराम आश्रम ग्रन्थमाला; तृतीय पुष्प
650 _aभारतीय दर्शन
942 _hR6, 152Q8
_cTEXL
_2CC
999 _c297835
_d297835